000 00606nam a22001817a 4500
999 _c174335
_d174335
005 20201218161640.0
010 _aENG-128171
020 _c300.00
_a9789353224677
035 _aEN-111703
037 _bDBAD/PUB
082 _a370.954
100 _aJha, Binodanand
245 _aTowards Quality Education in India: Study and Training Material for Teachers, Instructors and Education Administrators/
_cBinodanand Jha
260 _aNew Delhi
_bPrabhat Prakashan
_c2019
270 _a4/19 Asaf Ali Road
_bNew Delhi
_e110002
300 _a143p.
_c23cm(hb)
942 _2ddc
_cEN
_h370.954
_mJHA